000 00777nam a22002297a 4500
005 20170124105936.0
010 _aB-011691
020 _c00.00
035 _aB-011691
037 _bCen Lib/Ret
040 _aDPL
_bEN
082 _a363.2
_bRAJ
100 _aShekhar, Rajendra
_99944
245 _aNot a licence to kill :
_cby Rajendra Shekhar
_bpolice needs paradigms -shift /
260 _aNew Delhi
_bKonark Publishers Pvt. Ltd.
_c1999
270 _aA-149, Main Vikas Marg
_bDelhi
_e110092
300 _axi,298p. :
_c21cm(Hb)
_bill.
500 _aIncludes bibliographical references and indexes.
650 _aPolice misconduct -- India.
_99945
650 _a Police administration -- India -- Public opinion.
_99946
942 _2ddc
_cEN
_h363.2
_mRAJ
999 _c124245
_d124245